MDQL
is popping MORE tags! Check the
thread
!
Quizzes
Events
Quiz Creation
Community
Videos
Private Events
Remove Ads
Sign In
Join for FREE
Feedback
Dark Mode
Quiz Categories
Sports
Geography
Music
Movies
Television
Just For Fun
Miscellaneous
History
Literature
Language
Science
Gaming
Entertainment
Religion
Holiday
For Kids
Quiz Lab
Recent
Popular Today
Quiz Kudos Today
Editor Picks
Curator Picks
Quizzes by...
Day
Popularity
Type
Ratings
Length
Year
Community
Subscriptions
Recent Discussions
Orange Saloon
Badges
Playlists
Quests
Create
Leaderboards
Showdown
Live 5
Trivia Bingo
Activity
Puzzle Library
Sporcle Events
Private Events
Virtual Trivia
Globe League
Become a Host
Pub Owners
SporcleCon
Opinionation
Our Games
Videos
Blog
Mobile Apps
Partnerships
Remove Ads and Go Orange
Feedback
Television
TV Characters
TV Show
Sitcom
Network
Friends
Reality Shows
Cast
South Park
Star Trek
The Simpsons
Doctor Who
Television
TV Characters
TV Show
Sitcom
Network
Friends
Reality Shows
Cast
South Park
Star Trek
The Simpsons
Doctor Who
Random Quiz
Search Sporcle
×
Quiz Lab
Quiz Lab
Television
Friends
Type in answers that appear in a list
Type in answers that appear in a list
Classic
Best Score? Go Orange.
Boyfriends and Girlfriends of FRIENDS Stats
Can you name the Boyfriends and Girlfriends of FRIENDS ?
By
beatles12
8m
37 Questions
4,515 Plays
4,515 Plays
4,515 Plays
Comments
Comments
Give Quiz Kudos
Give Quiz Kudos
-
- Ratings
hide this ad
Random Order
Randomize order of answers
Randomize order of answers
Replay
Link that replays current quiz
Next Quiz
Link to next quiz in quiz playlist
You Got
0%
They Got
Avg Score
59%
Avg Friend Score
Upgrade to see
Score Distribution
Jump to the score distribution portion of the page
Score
0/37
Timer
08:00
0
Plays Today
Friend
Boyfriend or Girlfriend
% Correct
Phoebe
Mike
91.6%
Joey
Rachel
89%
Ross
Rachel
89%
Monica
Chandler
87.4%
Chandler
Janice
87%
Chandler
Monica
86.9%
Monica
Richard
85.8%
Rachel
Ross
85.4%
Phoebe
David
80.2%
Ross
Emily
77.3%
Chandler
Kathy
73.9%
Rachel
Paul
70.2%
Ross
Carol
69%
Ross
Mona
68.9%
Joey
Charlie
68.6%
Ross
Charlie
68.6%
Joey
Kathy
68.3%
Monica
Pete
67.3%
Ross
Julie
64.2%
Friend
Boyfriend or Girlfriend
% Correct
Rachel
Joey
64%
Rachel
Joshua
62%
Rachel
Tag
61.2%
Ross
Elizabeth
53.5%
Phoebe
Gary
51.3%
Joey
Janine
49.4%
Monica
Bobby
47.7%
Rachel
Paulo
47.7%
Rachel
Barry
45.2%
Monica
Ethan
40.5%
Ross
Bonnie
35.5%
Phoebe
Duncan
30.1%
Joey
Ursula
29.8%
Rachel
Russ
26.5%
Chandler
Joanna
25.4%
Phoebe
Roger
18.1%
Phoebe
Scott
18.1%
Phoebe
Ryan
10%
Quiz Playlist
Details
Report
Send in Message
Add To Playlist
Classic:
Type in answers that appear in a list
Random Order:
Randomize order of answers
Last Updated: Feb 16, 2017
Quiz Scoreboard
CHALLENGE
Sign Up to Join the Scoreboard
Show All
Scores
Hide
Comments
May contain spoilers
Recently Published
Two Season TV Shows II
by 123Four
Television
10m
Image Sorting: Flags VI
by Barbecue
Geography
2m
Find the 'City' Movie
by crazypaving
Movies
60s
More to Explore
Quiz From the Vault
Featured Blog Post
14 Easter Pick-up Lines to Find Eggs With
hide this ad
You Might Also Like...
Tags
Friends Quiz
Boyfriend
girlfriend
Today's Top Quizzes in Television
Browse Television
hide this ad
Today's Top Quizzes in Friends
Browse Friends
Top Contributed Quizzes in Television
1
Survivor Journey Challenge
2
Adjectives in 00s TV Shows
3
Brooklyn Nine Nine Logic Puzzle (How-To-Play)
4
Even More Two Season TV Shows
5
Total Drama Characters
6
Survivor Logic Puzzle: Heroes vs. Villains
7
Adjectives in 10s TV Shows
8
Survivor Heroes vs. Villains Logic Puzzle
9
Phoebe Buffay Quotes
10
Survivor Seasons
Explore More
Trending Topics
Marvel
Disney
Harry Potter
Crossword
Kpop
NBA
Anime
Soccer
Country
Pokémon
The Office
NFL
Song
WWE
Puzzle
hide this ad
More By:
beatles12
Quiz
Plays
Rating
Category
Featured
Created
Boyfriends and Girlfriends of FRIENDS
4,515
1.42
Television
Feb 5, 2010
Most Common Languages
624
1.20
Language
Jan 21, 2010
Go to Creator's Profile
Score Distribution
Quiz Creator Spotlight
beatles12
Follow
Send a Message
Quizzes Created
-
Created Quiz Play Count
-
More By This Creator
Popular Quizzes Today
1
Find the US States - No Outlines Minefield
2
Colored Red Africa Blitz
3
Find the 'City' Movie
4
5x2 Blitz: Bands
5
The Countries of the World
6
Find the Countries of Europe - No Outlines Minefield
7
Find the US States
8
US States
More Television Quizzes
Shirts in Glee's 'Born This Way'
Published
Trending Quizzes
Colored Red Europe Blitz I
Colored Red Africa Blitz II
Colored Red Europe Blitz II
Colored Red Africa Blitz III
Colored Red Europe Blitz III
Recently Updated
How Do You Spell That?
pecheneg
Godzilla Movies
pecheneg
Grab Bag: 4-10 Letters
pecheneg
2024 March Madness Bracket
pecheneg
Famous TV Couples
Peacemaker
Champions League XIs: Real Madrid
pecheneg
Largest US Cities 1790-2010
pecheneg
Rides in Walt Disney World
pecheneg
Most Oscar Losses (Acting)
pecheneg
Beyoncé Albums
pecheneg
Trending Topics
Kpop
Marvel
Disney
Harry Potter
Anime
Crossword
NBA
WWE
Puzzle
NFL
Pokémon
Soccer
Song
Country
The Office
Your Account Isn't Verified!
In order to create a playlist on Sporcle, you need to verify the email address you used during registration. Go to your
Sporcle Settings
to finish the process.
Report this User
Report this user for behavior that violates our
Community Guidelines
.
Details:
Send Report
Go to the Sporcle.com Mobile Site →
Comments